Komparatívna analýza IFRS 16 s platnou právnou úpravou účtovného zobrazenia lízingu v podmienkach SR diplomová práca

Uložené v:
Podrobná bibliografia
Hlavný autor: Voščeková, Lívia
Korporativný autor: Fakulta hospodárskej informatiky EU. Katedra účtovníctva a audítorstva
Ďalší autori: Vašeková, Miroslava, 1978-
Médium: Kniha
Jazyk:Slovak
Vydavateľské údaje: Bratislava 2018
Tagy: Pridať tag
Žiadne tagy, Buďte prvý, kto otaguje tento záznam!

MARC

LEADER 00000nbm a2200000 4500
001 0243598
005 20181108092814.4
041 0 |a slo 
044 |a SK 
245 1 0 |a Komparatívna analýza IFRS 16 s platnou právnou úpravou účtovného zobrazenia lízingu v podmienkach SR  |b diplomová práca  |c Lívia Voščeková ; školiteľ: Miroslava Vašeková 
264 1 |a Bratislava  |c 2018 
300 |a 56 s. 
100 1 |a Voščeková, Lívia 
700 1 |a Vašeková, Miroslava, 1978- 
710 2 |a Fakulta hospodárskej informatiky EU. Katedra účtovníctva a audítorstva